[Event "1. Bundesliga 2016/2017"]
[Site "Jenbach"]
[Date "2017.04.21"]
[Round "10"]
[Board "6"]
[White "Repkova, Eva"]
[Black "Lehner, Oliver"]
[Result "0-1"]
[WhiteElo "2329"]
[BlackElo "2393"]
[PlyCount "48"]
[EventDate "2016.10.20"]
[EventType "team"]
[EventRounds "11"]
[EventCountry "AUT"]
[WhiteTeam "Bregenz"]
[BlackTeam "Schachklub Sparkasse Jenbach"]

1.e4 e5 2.Bc4 Nf6 3.d3 Nc6 4.Nf3 Bc5 5.O-O a6 6.c3 Ba7 7.Bg5 h6 8.Bh4 d6 9.d4 g5 10.dxe5
gxh4 11.exf6 Qxf6 12.h3 Rg8 13.Kh1 Bd7 14.Nbd2 O-O-O 15.Qe2 Rg7 16.a4 Rdg8 17.Rg1
Ne7 18.e5 dxe5 19.Ne4 Qf4 20.Bxa6 bxa6 21.Qxa6+ Kb8 22.Nd6 Bc6 23.Nb5 Bxf2 24.Nfd4
exd4 0-1

[Event "1. Bundesliga 2016/2017"]
[Site "Jenbach"]
[Date "2017.04.22"]
[Round "11"]
[Board "1"]
[White "Repka, Christopher"]
[Black "Bosiocic, Marin"]
[Result "0-1"]
[WhiteElo "2461"]
[BlackElo "2610"]
[PlyCount "150"]
[EventDate "2016.10.20"]
[EventType "team"]
[EventRounds "11"]
[EventCountry "AUT"]
[WhiteTeam "Bregenz"]
[BlackTeam "SV Pillenkoenig St. Veit"]

1.d4 Nf6 2.Nf3 e6 3.c4 b6 4.g3 Ba6 5.Qa4 Bb7 6.Bg2 c5 7.dxc5 bxc5 8.O-O Be7 9.Nc3
O-O 10.Rd1 Qb6 11.Bf4 d6 12.Rab1 Na6 13.a3 d5 14.b4 cxb4 15.axb4 Nxb4 16.Be3 Bc6 17.Nb5
Qb7 18.Qa5 Bxb5 19.cxb5 Nc2 20.Bc1 Rfc8 21.Ne5 Bd6 22.Bb2 Rc5 23.Qa6 Qxa6 24.bxa6
Rb8 25.e4 Rcb5 26.Nc6 R8b6 27.exd5 exd5 28.Nxa7 Rxb2 29.Rxb2 Rxb2 30.Nc8 Bc5 31.a7
Bxa7 32.Nxa7 Nb4 33.Nc8 Kf8 34.Nb6 Ne4 35.Nxd5 Nxf2 36.Rf1 Nh3+ 37.Kh1 Nxd5 38.Bxd5
f6 39.Ra1 Ke7 40.Ra7+ Kd6 41.Ba8 g5 42.Ra6+ Ke5 43.Ra5+ Kd4 44.Rf5 Rb1+ 45.Kg2 g4
46.Rf1 Rb2+ 47.Kh1 Ke5 48.Re1+ Kd6 49.Be4 Ng5 50.Bg2 Rd2 51.Bb7 h5 52.Ba8 Ra2 53.Bb7
Ra7 54.Bg2 Kc5 55.Rf1 Ra6 56.Rf4 Re6 57.Bf1 Rb6 58.Bg2 Nf7 59.h3 Ne5 60.Rf5 Kd4 61.Rf1
Ke3 62.Kg1 Nd3 63.Rf5 Ne1 64.Rf1 Rb1 65.Kh1 Rc1 66.Bb7 f5 67.Ba6 h4 68.gxh4 g3 69.Bb7
f4 70.h5 Rd1 71.h6 f3 72.Bxf3 Nxf3 73.Kg2 Rxf1 74.Kxf1 Ng5 75.Kg2 Kf4 0-1

[Event "1. Bundesliga 2016/2017"]
[Site "Jenbach"]
[Date "2017.04.22"]
[Round "11"]
[Board "2"]
[White "Brkic, Ante"]
[Black "Henrichs, Thomas"]
[Result "1-0"]
[WhiteElo "2552"]
[BlackElo "2505"]
[PlyCount "49"]
[EventDate "2016.10.20"]
[EventType "team"]
[EventRounds "11"]
[EventCountry "AUT"]
[WhiteTeam "SV Pillenkoenig St. Veit"]
[BlackTeam "Bregenz"]

1.e4 e5 2.Nf3 Nc6 3.Bc4 Bc5 4.O-O Nf6 5.d3 d6 6.c3 a6 7.a4 Ba7 8.Re1 O-O 9.h3 Kh8
10.d4 Nxe4 11.Rxe4 d5 12.Re1 dxc4 13.Nxe5 Na5 14.Qh5 Be6 15.Nd2 Kg8 16.Ndf3 Nb3 17.Ng5
Bf5 18.Ngxf7 Qc8 19.Nh6+ gxh6 20.Bxh6 Qe6 21.Qg5+ Bg6 22.Bxf8 Nxa1 23.Bh6 Nc2 24.Re4
Kh8 25.Nxg6+ 1-0

[Event "1. Bundesliga 2016/2017"]
[Site "Jenbach"]
[Date "2017.04.22"]
[Round "11"]
[Board "3"]
[White "Nayhebaver, Martin"]
[Black "Antoniewski, Rafal"]
[Result "1/2-1/2"]
[WhiteElo "2442"]
[BlackElo "2535"]
[PlyCount "72"]
[EventDate "2016.10.20"]
[EventType "team"]
[EventRounds "11"]
[EventCountry "AUT"]
[WhiteTeam "Bregenz"]
[BlackTeam "SV Pillenkoenig St. Veit"]

1.e4 c5 2.Nf3 Nc6 3.Nc3 e5 4.Bc4 Be7 5.d3 Nf6 6.Nd2 d6 7.Nf1 Nd7 8.Ne3 Nb6 9.O-O O-O
10.Ncd5 Bg5 11.Nxb6 axb6 12.Nd5 Bxc1 13.Rxc1 b5 14.Bxb5 Rxa2 15.Rb1 Ra5 16.Bxc6 bxc6
17.Ne3 d5 18.Qf3 Be6 19.Qg3 dxe4 20.dxe4 c4 21.Rfd1 Qe7 22.h3 h6 23.Qf3 Rb8 24.Nf5
Bxf5 25.Qxf5 Ra7 26.c3 Rab7 27.Rd2 Qg5 28.Qxg5 hxg5 29.Ra1 Rxb2 30.Rxb2 Rxb2 31.Ra8+
Kh7 32.Ra4 Rb1+ 33.Kh2 Rb5 34.Rxc4 c5 35.Ra4 Rb3 36.Rc4 Rb5 1/2-1/2

[Event "1. Bundesliga 2016/2017"]
[Site "Jenbach"]
[Date "2017.04.22"]
[Round "11"]
[Board "4"]
[White "Koop, Thorben"]
[Black "Tuncer, Ufuk"]
[Result "1-0"]
[WhiteElo "2398"]
[BlackElo "2308"]
[PlyCount "171"]
[EventDate "2016.10.20"]
[EventType "team"]
[EventRounds "11"]
[EventCountry "AUT"]
[WhiteTeam "SV Pillenkoenig St. Veit"]
[BlackTeam "Bregenz"]

1.d4 Nf6 2.Nf3 g6 3.g3 Bg7 4.Bg2 O-O 5.O-O d5 6.c4 Nc6 7.cxd5 Nxd5 8.e4 Nb6 9.d5 Na5
10.Nc3 c6 11.Nd4 e6 12.Nb3 Nac4 13.dxc6 bxc6 14.Qc2 Qe7 15.Rd1 e5 16.Nd2 Nd6 17.a4
Bg4 18.Re1 Rab8 19.b3 Rfd8 20.Ba3 Qe8 21.h3 Be6 22.Red1 Nb7 23.Na2 c5 24.Nc3 Na5 25.Rab1
c4 26.bxc4 Nbxc4 27.Nxc4 Nxc4 28.Rxb8 Rxb8 29.Bc1 Rc8 30.Qd3 h6 31.Bf1 Kh7 32.Nb5
a6 33.Nc3 Qc6 34.Qb1 Qe8 35.Qb7 Na5 36.Qxa6 Nb3 37.Bb2 Rc6 38.Bb5 Rxa6 39.Bxe8 Nd4
40.Bb5 Ra8 41.Kg2 Bb3 42.Ra1 Bf8 43.Ne2 Nxb5 44.axb5 Rb8 45.Bxe5 Rxb5 46.Bc3 Rb8 47.Kf3
Bc4 48.Nd4 Bg7 49.Ra4 Bb3 50.Ra3 Bd1+ 51.Ke3 Bxd4+ 52.Kxd4 Bb3 53.Ke3 Be6 54.Ra7 Kg8
55.g4 g5 56.f3 Rc8 57.Be5 Re8 58.Bf6 Kh7 59.h4 Kg6 60.hxg5 hxg5 61.e5 Rc8 62.Ra5 Rc3+
63.Kf2 Bc8 64.Rb5 Bd7 65.Rb8 Rc8 66.Rb6 Be6 67.Rd6 Rc7 68.Kg2 Rd7 69.Rb6 Rc7 70.Kg3
Rc3 71.Rb8 Rc8 72.Rb2 Rc3 73.Rd2 Bc8 74.Rd8 Bb7 75.Rg8+ Kh6 76.Rh8+ Kg6 77.Rg8+ Kh6
78.Rxg5 Bxf3 79.e6 Rb3 80.e7 Bc6+ 81.Kh4 Rf3 82.Rc5 Bd7 83.Rd5 Ba4 84.Rd6 Kh7 85.Kg5
Re3 86.Rd8 1-0

[Event "1. Bundesliga 2016/2017"]
[Site "Jenbach"]
[Date "2017.04.22"]
[Round "11"]
[Board "5"]
[White "Dobosz, Henryk"]
[Black "Hebesberger, Thomas"]
[Result "1-0"]
[WhiteElo "2379"]
[BlackElo "2292"]
[PlyCount "119"]
[EventDate "2016.10.20"]
[EventType "team"]
[EventRounds "11"]
[EventCountry "AUT"]
[WhiteTeam "Bregenz"]
[BlackTeam "SV Pillenkoenig St. Veit"]

1.e4 c5 2.Nf3 e6 3.d4 cxd4 4.Nxd4 Nc6 5.Nc3 Qc7 6.Be3 Nf6 7.a3 a6 8.f4 d6 9.Bd3 Be7
10.O-O Nxd4 11.Bxd4 e5 12.Be3 exf4 13.Rxf4 Be6 14.Qf3 O-O 15.Nd5 Bxd5 16.exd5 Rae8
17.Rf1 Nd7 18.Rxf7 Bf6 19.Rxf8+ Nxf8 20.c3 Qe7 21.Bf4 Nd7 22.Qh3 g6 23.Qe6+ Qxe6 24.dxe6
Ne5 25.Bxe5 Bxe5 26.Rf7 Rxe6 27.Rxb7 d5 28.Rd7 Bd6 29.Kf1 a5 30.c4 Rf6+ 31.Ke2 dxc4
32.Bxc4+ Kh8 33.Rd8+ Kg7 34.Ra8 Rf5 35.h3 Bg3 36.Kd3 h5 37.Ra7+ Kf6 38.Ra6+ Kg5 39.Be6
Rb5 40.b3 Be5 41.Kc4 Rb7 42.Rxa5 Kf6 43.Ra6 Rc7+ 44.Kd5 Bg3 45.Bg4+ Kg5 46.Bf3 Rc3
47.b4 h4 48.Be4 Kf4 49.Rf6+ Ke3 50.Rf3+ Kd2 51.Rxc3 Kxc3 52.Bxg6 Kb3 53.b5 Ka4 54.Kc6
Ka5 55.b6 Bf4 56.Bd3 Be5 57.b7 Bg3 58.Kd7 Kb6 59.Kc8 Ka7 60.Be4 1-0

[Event "1. Bundesliga 2016/2017"]
[Site "Jenbach"]
[Date "2017.04.22"]
[Round "11"]
[Board "6"]
[White "Ceschia, Ivano"]
[Black "Repkova, Eva"]
[Result "1-0"]
[WhiteElo "2301"]
[BlackElo "2329"]
[PlyCount "59"]
[EventDate "2016.10.20"]
[EventType "team"]
[EventRounds "11"]
[EventCountry "AUT"]
[WhiteTeam "SV Pillenkoenig St. Veit"]
[BlackTeam "Bregenz"]

1.e4 d5 2.exd5 Qxd5 3.Nc3 Qd6 4.d4 Nf6 5.Nf3 Bg4 6.h3 Bh5 7.Be2 a6 8.Bg5 Nbd7 9.Qd2
e6 10.O-O-O Be7 11.Rhe1 O-O 12.Ne5 Bxe2 13.Qxe2 Rad8 14.f4 h6 15.Bh4 Nd5 16.Ne4 Qb6
17.Bxe7 Nxe7 18.c3 Nd5 19.Nxd7 Rxd7 20.Qf3 Qb5 21.g4 b6 22.g5 hxg5 23.fxg5 Ne7 24.h4
Qf5 25.Qd3 c5 26.Rf1 Qg6 27.h5 Qxh5 28.Rh1 c4 29.Qg3 Nf5 30.Rxh5 1-0

[Event "1. Bundesliga 2016/2017"]
[Site "Jenbach"]
[Date "2017.04.22"]
[Round "11"]
[Board "1"]
[White "Sandhoefner, Florian"]
[Black "Nisipeanu, Liviu-Dieter"]
[Result "1/2-1/2"]
[WhiteElo "2257"]
[BlackElo "2684"]
[PlyCount "123"]
[EventDate "2016.10.20"]
[EventType "team"]
[EventRounds "11"]
[EventCountry "AUT"]
[WhiteTeam "ASK St. Valentin"]
[BlackTeam "Schachklub Sparkasse Jenbach"]

1.d4 Nf6 2.c4 e6 3.Nc3 Bb4 4.Qc2 b6 5.e4 c5 6.dxc5 Bb7 7.Bd3 Bxc5 8.Nf3 Nc6 9.a3 Qb8
10.Bg5 h6 11.Bh4 Nd4 12.Nxd4 Bxd4 13.O-O Be5 14.Bg3 Bxg3 15.hxg3 Qe5 16.Rad1 h5 17.f4
Qc5+ 18.Qf2 Ng4 19.Qxc5 bxc5 20.Rd2 Ke7 21.Be2 a5 22.Re1 Bc6 23.Bf3 Rab8 24.e5 Rhc8
25.Bxc6 Rxc6 26.Nb5 f6 27.a4 fxe5 28.fxe5 Rf8 29.b3 Rb6 30.Rde2 Rbb8 31.Re4 Rf5 32.R4e2
Rbf8 33.Nd6 Rxe5 34.Rxe5 Nxe5 35.Nb7 Nd3 36.Re3 Rb8 37.Nxa5 Nb4 38.Re5 Kd6 39.Rxh5
Nc6 40.Nxc6 Kxc6 41.Rg5 Rxb3 42.Rxg7 Rb4 43.Rg4 Rxa4 44.Rf4 Kd6 45.g4 e5 46.Re4 Ke6
47.Kf2 d6 48.Kg3 Kf6 49.Kh4 d5 50.g5+ Kf5 51.Re1 d4 52.g4+ Ke6 53.g6 d3 54.Kg5 Ra8
55.Rf1 e4 56.g7 Rg8 57.Kf4 Rxg7 58.Kxe4 d2 59.Ke3 Rxg4 60.Kxd2 Rxc4 61.Rf8 Ke5 62.Ke1 1/2-1/2

[Event "1. Bundesliga 2016/2017"]
[Site "Jenbach"]
[Date "2017.04.22"]
[Round "11"]
[Board "2"]
[White "Volokitin, Andrei"]
[Black "Theuretzbacher, Klaus"]
[Result "1/2-1/2"]
[WhiteElo "2652"]
[BlackElo "2248"]
[PlyCount "126"]
[EventDate "2016.10.20"]
[EventType "team"]
[EventRounds "11"]
[EventCountry "AUT"]
[WhiteTeam "Schachklub Sparkasse Jenbach"]
[BlackTeam "ASK St. Valentin"]

1.e4 d5 2.exd5 Qxd5 3.Nc3 Qd6 4.d4 Nf6 5.Nf3 a6 6.g3 Bg4 7.h3 Bh5 8.Bg2 Nc6 9.Bf4
Qb4 10.Bd2 Qd6 11.g4 Bg6 12.Qe2 O-O-O 13.O-O-O e6 14.Bg5 Be7 15.Bh4 Rhe8 16.Bg3 Qb4
17.Qe3 h6 18.a3 Qb6 19.Ne5 Nxe5 20.Bxe5 Qa5 21.f4 Nd5 22.Nxd5 exd5 23.Qe1 Qxe1 24.Rhxe1
f6 25.f5 fxe5 26.fxg6 e4 27.Rf1 Bg5+ 28.Kb1 Re6 29.Rf5 Rxg6 30.Bf1 Rf6 31.Rxf6 Bxf6
32.Be2 Rf8 33.Rf1 Be7 34.Rxf8+ Bxf8 35.c4 c6 36.cxd5 cxd5 37.Bd1 Kc7 38.Bb3 Kd6 39.a4
b5 40.axb5 axb5 41.Kc2 Be7 42.Kd2 Bf6 43.Ke3 Bg5+ 44.Ke2 Bc1 45.Ba2 Bxb2 46.Ke3 Bc1+
47.Ke2 Bg5 48.Bb3 Kc6 49.Ba2 Bf4 50.Bb3 Bh2 51.Kf2 g6 52.Ba2 h5 53.Bb3 Kd6 54.Ba2
Ke6 55.Bb3 Bf4 56.Ke2 Bg3 57.Ke3 hxg4 58.hxg4 Bh2 59.Kf2 Bf4 60.Ke2 Bc1 61.Ba2 Bb2
62.Ke3 b4 63.Bb3 Bc1+ 1/2-1/2

[Event "1. Bundesliga 2016/2017"]
[Site "Jenbach"]
[Date "2017.04.22"]
[Round "11"]
[Board "3"]
[White "Heimberger, Reinhard"]
[Black "Shengelia, David"]
[Result "0-1"]
[WhiteElo "2282"]
[BlackElo "2570"]
[PlyCount "82"]
[EventDate "2016.10.20"]
[EventType "team"]
[EventRounds "11"]
[EventCountry "AUT"]
[WhiteTeam "ASK St. Valentin"]
[BlackTeam "Schachklub Sparkasse Jenbach"]

1.d4 Nf6 2.g3 c5 3.c3 e6 4.Bg2 Nc6 5.Nf3 d5 6.O-O Be7 7.Bf4 O-O 8.Nbd2 h6 9.dxc5 Bxc5
10.Nb3 Bb6 11.Ne5 Nh5 12.Nxc6 bxc6 13.Be5 Ba6 14.Re1 Nf6 15.Bd4 Qe7 16.Bxb6 axb6 17.Nd2
Rfd8 18.Qc2 Ng4 19.h3 Ne5 20.Nf3 Nxf3+ 21.Bxf3 Qf6 22.Bg2 e5 23.a4 e4 24.a5 bxa5 25.Rxa5
e3 26.f4 Bd3 27.Qa4 Bb5 28.Qa3 Rxa5 29.Qxa5 g5 30.fxg5 Qxg5 31.Kh2 Rd6 32.Qb4 Rf6
33.Bf3 Kh7 34.h4 Qe5 35.Qd4 Qe6 36.Kg2 Ba6 37.b4 Bc8 38.Rh1 Qe7 39.h5 Rf5 40.Rh4 Rg5
41.Bg4 Qd6 0-1

[Event "1. Bundesliga 2016/2017"]
[Site "Jenbach"]
[Date "2017.04.22"]
[Round "11"]
[Board "4"]
[White "Schlosser, Philipp"]
[Black "Kranzl, Peter"]
[Result "1-0"]
[WhiteElo "2523"]
[BlackElo "2187"]
[PlyCount "69"]
[EventDate "2016.10.20"]
[EventType "team"]
[EventRounds "11"]
[EventCountry "AUT"]
[WhiteTeam "Schachklub Sparkasse Jenbach"]
[BlackTeam "ASK St. Valentin"]

1.Nf3 Nf6 2.c4 g6 3.Nc3 Bg7 4.e4 d6 5.d4 O-O 6.h3 e5 7.d5 a5 8.Be3 Na6 9.g4 Nc5 10.Nd2
Ne8 11.h4 Bf6 12.Qf3 Ng7 13.O-O-O h5 14.g5 Be7 15.Qg3 b6 16.Be2 Kh7 17.Rdf1 Nd7 18.f4
exf4 19.Bxf4 f5 20.gxf6 Nxf6 21.Nf3 Ng4 22.Bd3 Bf6 23.Nb5 Qe7 24.Kb1 Ne8 25.Bg5 Ng7
26.Bxf6 Rxf6 27.Ng5+ Kg8 28.Rxf6 Nxf6 29.Rf1 Nge8 30.e5 Qxe5 31.Qxe5 dxe5 32.Nxc7
Ra7 33.Nxe8 Nxe8 34.Bxg6 Ng7 35.Bh7+ 1-0

[Event "1. Bundesliga 2016/2017"]
[Site "Jenbach"]
[Date "2017.04.22"]
[Round "11"]
[Board "5"]
[White "Casagrande, Harald"]
[Black "Fedorovsky, Michael"]
[Result "0-1"]
[WhiteElo "2318"]
[BlackElo "2490"]
[PlyCount "122"]
[EventDate "2016.10.20"]
[EventType "team"]
[EventRounds "11"]
[EventCountry "AUT"]
[WhiteTeam "ASK St. Valentin"]
[BlackTeam "Schachklub Sparkasse Jenbach"]

1.d4 d5 2.Nf3 Nf6 3.Bf4 c5 4.c3 e6 5.e3 Nc6 6.Nbd2 Bd6 7.Bxd6 Qxd6 8.Bd3 O-O 9.O-O
e5 10.dxe5 Nxe5 11.Nxe5 Qxe5 12.Qf3 Re8 13.Qg3 Qxg3 14.hxg3 Be6 15.Rfe1 Rad8 16.Rad1
a6 17.a4 d4 18.exd4 cxd4 19.c4 Nd7 20.Nb3 Nb6 21.Nc5 Bxc4 22.Rxe8+ Rxe8 23.Bxc4 Nxc4
24.b3 Na5 25.Rxd4 h5 26.Kf1 Re5 27.Rd8+ Kh7 28.Nd3 Re7 29.b4 Nc4 30.f3 g6 31.Kf2 Kg7
32.Rd4 Rc7 33.Nc5 Ne5 34.Ke3 a5 35.Rd5 Nc4+ 36.Kd4 Nb6 37.Rd6 Nc8 38.Rd7 Rxd7+ 39.Nxd7
axb4 40.Kc4 f6 41.Kxb4 Kf7 42.Kc5 Ke6 43.Nb6 Ne7 44.a5 Nf5 45.Nd5 Nxg3 46.Nf4+ Kd7
47.Kb6 Kc8 48.Nxg6 Nf5 49.Nf4 h4 50.Ng6 Kb8 51.Nf4 Ne3 52.Kc5 Nxg2 53.Nh3 Ka7 54.Kb5
Ne1 55.f4 Ng2 56.Kc5 Ka6 57.Kb4 Ne3 58.Kc5 Kxa5 59.Kd4 Ng4 60.Ke4 b5 61.Kf5 b4 0-1

[Event "1. Bundesliga 2016/2017"]
[Site "Jenbach"]
[Date "2017.04.22"]
[Round "11"]
[Board "6"]
[White "Lehner, Oliver"]
[Black "Tober, Gerhard"]
[Result "1-0"]
[WhiteElo "2393"]
[BlackElo "2244"]
[PlyCount "89"]
[EventDate "2016.10.20"]
[EventType "team"]
[EventRounds "11"]
[EventCountry "AUT"]
[WhiteTeam "Schachklub Sparkasse Jenbach"]
[BlackTeam "ASK St. Valentin"]

1.d4 d5 2.c4 e6 3.Nf3 Nf6 4.g3 Be7 5.Bg2 O-O 6.O-O dxc4 7.Qc2 a6 8.a4 Nbd7 9.Nbd2
c3 10.bxc3 Rb8 11.Nc4 b5 12.Na5 Rb6 13.Ne5 Nxe5 14.dxe5 Nd7 15.Nc6 Rxc6 16.Bxc6 Nxe5
17.Bg2 Bd7 18.axb5 Bxb5 19.Rd1 Bd6 20.Ba3 Qe7 21.Bxd6 cxd6 22.Qd2 d5 23.e4 dxe4 24.Bxe4
Qf6 25.f4 Nc4 26.Qd4 e5 27.fxe5 Nxe5 28.Qf2 Qh6 29.Rd5 Ng4 30.Qd2 Qb6+ 31.Qd4 Qh6
32.h4 Qe3+ 33.Qxe3 Nxe3 34.Rc5 f5 35.Bc6 Bd3 36.Re1 Ng4 37.Re8 Rxe8 38.Bxe8 Kf8 39.Bd7
g6 40.Be6 Ne3 41.Rc7 h5 42.Kf2 Ng4+ 43.Kf3 Ke8 44.Kf4 Bb5 45.c4 1-0

[Event "1. Bundesliga 2016/2017"]
[Site "Jenbach"]
[Date "2017.04.22"]
[Round "11"]
[Board "1"]
[White "Banusz, Tamas"]
[Black "Zilka, Stepan"]
[Result "1-0"]
[WhiteElo "2613"]
[BlackElo "2523"]
[PlyCount "53"]
[EventDate "2016.10.20"]
[EventType "team"]
[EventRounds "11"]
[EventCountry "AUT"]
[WhiteTeam "mpimmo Wien - SK Ottakring"]
[BlackTeam "Blackburne Nickelsdorf"]

1.Nf3 d5 2.g3 Nf6 3.Bg2 e6 4.c4 d4 5.e3 c5 6.exd4 cxd4 7.O-O Nc6 8.d3 Bd6 9.a3 a5
10.Bg5 h6 11.Bxf6 Qxf6 12.Nbd2 Qd8 13.Rc1 O-O 14.Re1 e5 15.c5 Bc7 16.Nc4 Re8 17.Nfd2
Be6 18.Ne4 Bxc4 19.Rxc4 f5 20.Qb3 Kh7 21.Qxb7 Ne7 22.Nd6 Rb8 23.Qa6 Rxb2 24.Nxe8 Qxe8
25.Qe6 Rd2 26.Bh3 Qf8 27.Rxd4 1-0

[Event "1. Bundesliga 2016/2017"]
[Site "Jenbach"]
[Date "2017.04.22"]
[Round "11"]
[Board "2"]
[White "Schwarhofer, Christopher"]
[Black "Papp, Gabor"]
[Result "0-1"]
[WhiteElo "2385"]
[BlackElo "2581"]
[PlyCount "78"]
[EventDate "2016.10.20"]
[EventType "team"]
[EventRounds "11"]
[EventCountry "AUT"]
[WhiteTeam "Blackburne Nickelsdorf"]
[BlackTeam "mpimmo Wien - SK Ottakring"]

1.e4 c5 2.Nf3 Nc6 3.d4 cxd4 4.Nxd4 Nf6 5.Nc3 d6 6.Bg5 e6 7.f4 h6 8.Bh4 Be7 9.Qd3 g5
10.fxg5 Ng4 11.Nxc6 bxc6 12.Bg3 hxg5 13.O-O-O Qb6 14.Na4 Qe3+ 15.Kb1 Qxd3 16.Bxd3
e5 17.c4 Ne3 18.Rd2 f5 19.exf5 Bxf5 20.c5 Nc4 21.Bxf5 Nxd2+ 22.Kc1 Nc4 23.Re1 Rf8
24.Bd3 d5 25.Bg6+ Kd7 26.b3 Na3 27.Rxe5 Rf1+ 28.Kd2 Raf8 29.Bh5 Nb5 30.Bg4+ Kd8 31.Be2
R1f5 32.Bxb5 cxb5 33.Nc3 Rxe5 34.Bxe5 Bxc5 35.Nxb5 Rf2+ 36.Kd3 Rxg2 37.Nc3 Kd7 38.a4
Ke6 39.Bg3 Rb2 0-1

[Event "1. Bundesliga 2016/2017"]
[Site "Jenbach"]
[Date "2017.04.22"]
[Round "11"]
[Board "3"]
[White "Dragnev, Valentin"]
[Black "Lendwai, Reinhard"]
[Result "0-1"]
[WhiteElo "2515"]
[BlackElo "2370"]
[PlyCount "93"]
[EventDate "2016.10.20"]
[EventType "team"]
[EventRounds "11"]
[EventCountry "AUT"]
[WhiteTeam "mpimmo Wien - SK Ottakring"]
[BlackTeam "Blackburne Nickelsdorf"]

1.Nf3 d5 2.c4 c6 3.e3 Nf6 4.Nc3 e6 5.d4 Nbd7 6.Bd3 dxc4 7.Bxc4 b5 8.Bd3 a6 9.e4 c5
10.e5 cxd4 11.Nxb5 axb5 12.exf6 Qb6 13.fxg7 Bxg7 14.O-O Bb7 15.Re1 O-O 16.Bf4 f6 17.Nxd4
Nc5 18.Nb3 Nxd3 19.Qxd3 e5 20.Bd2 Rfd8 21.Qg3 Kh8 22.Be3 Qc7 23.Nc5 Bd5 24.Qh3 Qf7
25.a3 f5 26.f3 Rd6 27.Rad1 Rad8 28.Qh4 Rg8 29.Kh1 Rg6 30.Qf2 Bf6 31.Rg1 f4 32.Bc1
Rh6 33.Rgf1 Rxh2+ 34.Kxh2 Qh5+ 35.Kg1 Bh4 36.Rxd5 Bg3 37.Qxg3 fxg3 38.Rfd1 Qh2+ 39.Kf1
Qh1+ 40.Ke2 Qxg2+ 41.Ke3 Qf2+ 42.Ke4 g2 43.Be3 Qe2 44.R5d2 Qc4+ 45.Kxe5 Re8+ 46.Kf6
Qg8 47.Kf5 0-1

[Event "1. Bundesliga 2016/2017"]
[Site "Jenbach"]
[Date "2017.04.22"]
[Round "11"]
[Board "4"]
[White "Pinter, Erik"]
[Black "Beckhuis, Gernod"]
[Result "1-0"]
[WhiteElo "2382"]
[BlackElo "2261"]
[PlyCount "87"]
[EventDate "2016.10.20"]
[EventType "team"]
[EventRounds "11"]
[EventCountry "AUT"]
[WhiteTeam "Blackburne Nickelsdorf"]
[BlackTeam "mpimmo Wien - SK Ottakring"]

1.e4 e5 2.Nf3 Nc6 3.Bb5 Nf6 4.O-O Nxe4 5.Re1 Nd6 6.Nxe5 Be7 7.Bf1 Nxe5 8.Rxe5 O-O
9.d4 Bf6 10.Re1 Re8 11.Rxe8+ Nxe8 12.c3 d5 13.Bd3 g6 14.Bf4 Ng7 15.Qb3 c6 16.Nd2 Qb6
17.Qc2 Bf5 18.Bxf5 Nxf5 19.Re1 Ng7 20.Nf3 Re8 21.Be5 Bxe5 22.dxe5 Ne6 23.h4 c5 24.Qd2
d4 25.c4 Rd8 26.Re2 Qa6 27.b3 b5 28.cxb5 Qxb5 29.Ng5 d3 30.Nxe6 fxe6 31.Re1 a5 32.h5
a4 33.hxg6 hxg6 34.Qg5 Qe8 35.Rd1 Rd5 36.Qg3 axb3 37.axb3 d2 38.Qg5 Qd7 39.Qxg6+ Kf8
40.Qh6+ Kg8 41.Qg5+ Kf8 42.f3 Rd4 43.Kf2 Qd5 44.Rh1 1-0

[Event "1. Bundesliga 2016/2017"]
[Site "Jenbach"]
[Date "2017.04.22"]
[Round "11"]
[Board "5"]
[White "Blohberger, Felix"]
[Black "Koffler, Daniel"]
[Result "1-0"]
[WhiteElo "2272"]
[BlackElo "2126"]
[PlyCount "45"]
[EventDate "2016.10.20"]
[EventType "team"]
[EventRounds "11"]
[EventCountry "AUT"]
[WhiteTeam "mpimmo Wien - SK Ottakring"]
[BlackTeam "Blackburne Nickelsdorf"]

1.c4 e6 2.Nc3 d5 3.e3 Nf6 4.Nf3 Be7 5.b3 O-O 6.Bb2 b6 7.d4 Bb7 8.cxd5 exd5 9.Bd3 Nbd7
10.O-O Re8 11.Ne5 Nxe5 12.dxe5 Nd7 13.Qc2 g6 14.e6 Nc5 15.exf7+ Kxf7 16.Be2 Bf6 17.Rad1
c6 18.b4 Ne6 19.f4 Kg8 20.f5 Nf8 21.fxg6 hxg6 22.Rxf6 Qxf6 23.Nxd5 1-0

[Event "1. Bundesliga 2016/2017"]
[Site "Jenbach"]
[Date "2017.04.22"]
[Round "11"]
[Board "1"]
[White "Georgiadis, Nico"]
[Black "Melkumyan, Hrant"]
[Result "0-1"]
[WhiteElo "2478"]
[BlackElo "2619"]
[PlyCount "120"]
[EventDate "2016.10.20"]
[EventType "team"]
[EventRounds "11"]
[EventCountry "AUT"]
[WhiteTeam "Schachclub Sparkasse Goetzis"]
[BlackTeam "ASVOE Wulkaprodersdorf"]

1.d4 Nf6 2.c4 g6 3.g3 Bg7 4.Bg2 O-O 5.Nc3 d6 6.Nf3 Nbd7 7.O-O e5 8.b3 Re8 9.Bb2 c6
10.Qc2 h6 11.e4 Nh7 12.d5 c5 13.Ne1 h5 14.Nd3 h4 15.Rae1 Ndf6 16.h3 Ng5 17.g4 Nd7
18.Nb5 Nf8 19.f4 exf4 20.Bxg7 Kxg7 21.Qb2+ f6 22.Rxf4 Nfh7 23.b4 b6 24.Ref1 Ba6 25.a4
Bxb5 26.axb5 Qe7 27.bxc5 bxc5 28.Qa1 Rf8 29.R1f2 Rad8 30.Ra2 Rd7 31.Qe1 Nf7 32.Rf1
Ne5 33.Nf4 Rf7 34.Qxh4 g5 35.Nh5+ Kg8 36.Qe1 Nxc4 37.e5 Nxe5 38.Be4 f5 39.gxf5 Nf6
40.Nxf6+ Qxf6 41.Rg2 Rh7 42.Qg3 Rdg7 43.Bf3 Rh4 44.Bg4 Nxg4 45.hxg4 Qd4+ 46.Qf2 Rxg4
47.Qxd4 Rxd4 48.f6 Rg6 49.f7+ Kf8 50.Rf5 Rg7 51.Ra2 Rg4+ 52.Kf2 Rxf7 53.Rxf7+ Kxf7
54.Rxa7+ Kf6 55.Ra2 Rf4+ 56.Kg3 Ke5 57.Rb2 Kxd5 58.b6 Rf8 59.b7 Rb8 60.Rb6 c4 0-1

[Event "1. Bundesliga 2016/2017"]
[Site "Jenbach"]
[Date "2017.04.22"]
[Round "11"]
[Board "2"]
[White "Schneider, Ilja"]
[Black "Krassowizkij, Jaroslaw"]
[Result "1-0"]
[WhiteElo "2516"]
[BlackElo "2453"]
[PlyCount "49"]
[EventDate "2016.10.20"]
[EventType "team"]
[EventRounds "11"]
[EventCountry "AUT"]
[WhiteTeam "ASVOE Wulkaprodersdorf"]
[BlackTeam "Schachclub Sparkasse Goetzis"]

1.d4 d5 2.c4 dxc4 3.Nf3 Nf6 4.e3 e6 5.Bxc4 c5 6.O-O a6 7.b3 cxd4 8.Qxd4 Qxd4 9.Nxd4
Bd6 10.Bb2 Ke7 11.Nd2 Nbd7 12.Be2 Nb6 13.N4f3 Bd7 14.e4 Nh5 15.g3 Bb5 16.Nc4 Bxc4
17.bxc4 Rhc8 18.e5 Bb4 19.Rab1 Na4 20.Bd4 Nc3 21.Bxc3 Bxc3 22.Rxb7+ Ke8 23.Ng5 g6
24.Nxf7 Rcb8 25.Rfb1 1-0

[Event "1. Bundesliga 2016/2017"]
[Site "Jenbach"]
[Date "2017.04.22"]
[Round "11"]
[Board "3"]
[White "Eisenbeiser, Amadeus"]
[Black "Maksimenko, Andrei"]
[Result "0-1"]
[WhiteElo "2387"]
[BlackElo "2481"]
[PlyCount "84"]
[EventDate "2016.10.20"]
[EventType "team"]
[EventRounds "11"]
[EventCountry "AUT"]
[WhiteTeam "Schachclub Sparkasse Goetzis"]
[BlackTeam "ASVOE Wulkaprodersdorf"]

1.e4 c5 2.Nf3 d6 3.d4 Nf6 4.Nc3 cxd4 5.Nxd4 e6 6.g3 a6 7.Bg2 Bd7 8.O-O Nc6 9.b3 Be7
10.Bb2 Rc8 11.Nde2 b5 12.Qd2 O-O 13.a3 Qb6 14.h3 Rfd8 15.Kh2 Be8 16.f4 h6 17.f5 Bd7
18.Nf4 Ne5 19.Kh1 Qb8 20.g4 Qc7 21.Rac1 Qb7 22.Rcd1 Qc7 23.Qe3 Qc5 24.Qd2 Qc7 25.Qe2
Re8 26.Rd2 Bf8 27.Qf2 Bc6 28.Nd3 Qb7 29.Qf4 Nxd3 30.cxd3 e5 31.Qf3 Rcd8 32.Nd5 Bxd5
33.exd5 e4 34.Qe3 Nxd5 35.Qd4 Nf6 36.dxe4 Nxe4 37.Rf4 d5 38.Rd3 Qc7 39.Rff3 Qc2 40.Rd1
Qe2 41.Rf4 Rc8 42.Bxe4 Rxe4 0-1

[Event "1. Bundesliga 2016/2017"]
[Site "Jenbach"]
[Date "2017.04.22"]
[Round "11"]
[Board "4"]
[White "Volkmann, Friedrich Karl"]
[Black "Kessler, Luca"]
[Result "1/2-1/2"]
[WhiteElo "2403"]
[BlackElo "2433"]
[PlyCount "69"]
[EventDate "2016.10.20"]
[EventType "team"]
[EventRounds "11"]
[EventCountry "AUT"]
[WhiteTeam "ASVOE Wulkaprodersdorf"]
[BlackTeam "Schachclub Sparkasse Goetzis"]

1.d4 d5 2.c4 c6 3.Nf3 Nf6 4.Nc3 dxc4 5.a4 Bf5 6.e3 e6 7.Bxc4 Bb4 8.O-O O-O 9.Qe2 Nbd7
10.e4 Bg6 11.Bd3 Bh5 12.e5 Nd5 13.Nxd5 cxd5 14.Qe3 Bg6 15.Ng5 Re8 16.f4 Bxd3 17.Qxd3
f5 18.Qh3 Nf8 19.g4 g6 20.gxf5 exf5 21.Qb3 a5 22.Be3 Qd7 23.Rac1 Rac8 24.Kh1 b5 25.axb5
Qxb5 26.Bd2 Rxc1 27.Rxc1 Rc8 28.Rg1 Rc6 29.Bxb4 axb4 30.Qe3 Ne6 31.Nxe6 Rxe6 32.h4
Kf7 33.h5 Ke8 34.Rc1 Rc6 35.Re1 1/2-1/2